Weezer - Teal Album Songs - Statistics

General Stats
  • This quiz has been taken 11 times
  • The average score is 8 of 10
Answer Stats
Listens Songs % Correct
85,053,427 Africa
100%
18,586,685 Happy Together
83%
14,215,567 No Scrubs
83%
8,847,466 Paranoid
83%
10,280,393 Stand By Me
83%
9,840,343 Billie Jean
67%
22,532,486 Everybody Wants To Rule The World
67%
20,950,530 Mr. Blue Sky
67%
13,994,327 Sweet Dreams (Are Made Of This)
67%
33,741,296 Take On Me
67%
No matching quizzes found
Score Distribution
Percent of People with Each Score
Percentile by Number Answered
Your Score History
You have not taken this quiz